| 000 | 00520nam a2200181 a 4500 | ||
|---|---|---|---|
| 001 | 7072 | ||
| 003 | CO-ViMGA | ||
| 008 | 141112s2004 ck r 000 u spa d | ||
| 040 |
_aCO-ViMGA _bspa _cCO-ViMGA |
||
| 082 | 0 | 4 | _a350.7 C658 |
| 245 | 1 | 0 |
_aComunidad, alcaldes y recursos fiscales / _cGaitán Pilar y otros |
| 260 |
_aBogotá : _bFescol, _c1991 |
||
| 300 | _a222 p | ||
| 650 | 1 | 4 |
_aADMINISTRACION PUBLICA _951587 |
| 650 | 1 | 4 |
_aGaitán, Pilar _96154 |
| 650 | 1 | 4 |
_aMUNICIPIOS - RECURSOS FISCALES _96155 |
| 942 |
_2ddc _cBK |
||
| 999 |
_c19037 _d19037 |
||